Modern phrase structure grammar /
This book is about: Preliminaries; Classical phrase structure grammar; Syntactic categories; Rules and principles...
Uloženo v:
| Hlavní autor: | |
|---|---|
| Médium: | Kniha |
| Jazyk: | English |
| Vydáno: |
Oxford, UK ; Cambridge, Mass. :
Blackwell,
1996.
|
| Témata: | |
| Tagy: |
Přidat tag
Žádné tagy, Buďte první, kdo otaguje tento záznam!
|
| Thư viện lưu trữ: | Mạng thư viện Đại học Đà Nẵng |
|---|
| LEADER | 00952cam a2200325 i 4500 | ||
|---|---|---|---|
| 001 | 000047404 | ||
| 003 | 7075 | ||
| 005 | 20030311091524.0 | ||
| 008 | 010326|1996 vm 000 eng | ||
| 020 | |a 0631184074 | ||
| 040 | |a IRC |c IRC |d IRC | ||
| 041 | 0 | |a eng | |
| 082 | 1 | 4 | |a 415 |b BO-R |
| 100 | 1 | |a Borsley, Robert D. | |
| 245 | 0 | 0 | |a Modern phrase structure grammar / |c Robert D. Borsley. |
| 260 | |a Oxford, UK ; Cambridge, Mass. : |b Blackwell, |c 1996. | ||
| 300 | |a xi, 270 p. : |b ill. ; |c 24.5cm. | ||
| 520 | 3 | |a This book is about: Preliminaries; Classical phrase structure grammar; Syntactic categories; Rules and principles... | |
| 630 | 0 | 4 | |a Phrase structure grammar. |
| 650 | 0 | 4 | |a Phrase structure grammar. |
| OWN | |a DUT | ||
| 999 | |a From the UDN01 | ||
| TYP | |a Monograph | ||
| TYP | |a Printed language | ||
| 980 | |a Mạng thư viện Đại học Đà Nẵng | ||


